Library Banner

Rasool e Akram ka minhaj dawat(mis)(رسول اکرمﷺ کا منھاج دعوت)// (Record no. 102714)

MARC details
000 -LEADER
fixed length control field 00472nam a22001577a 4500
005 - DATE AND TIME OF LATEST TRANSACTION
control field 20180207100834.0
008 - FIXED-LENGTH DATA ELEMENTS--GENERAL INFORMATION
fixed length control field 180207b xxu||||| |||| 00| 0 eng d
020 ## - INTERNATIONAL STANDARD BOOK NUMBER
International Standard Book Number 9695560288
040 ## - CATALOGING SOURCE
Transcribing agency PK-LaUMT
082 ## - DEWEY DECIMAL CLASSIFICATION NUMBER
Classification number PKAC 297.74
Item number KHA-R
100 ## - MAIN ENTRY--PERSONAL NAME
Personal name Khalid Alvi
245 ## - TITLE STATEMENT
Title Rasool e Akram ka minhaj dawat(mis)(رسول اکرمﷺ کا منھاج دعوت)//
Statement of responsibility, etc Khalid Alvi
260 ## - PUBLICATION, DISTRIBUTION, ETC. (IMPRINT)
Place of publication, distribution, etc اسلام آباد:
Name of publisher, distributor, etc دعوۃ اکیڈمی
Date of publication, distribution, etc 2005
300 ## - PHYSICAL DESCRIPTION
Extent 72
942 ## - ADDED ENTRY ELEMENTS (KOHA)
Koha item type Books
Holdings
Withdrawn status Lost status Damaged status Home library Current library Date acquired Full call number Barcode Date last seen Price effective from Koha item type
      UMT Main Campus UMT Main Campus 2018-02-07 PKAC 297.74 KHA-R 118593 2018-02-07 2018-02-07 Books